Contract law / (Record no. 21157)
[ view plain ]
| 000 -LEADER | |
|---|---|
| fixed length control field | 00857cam a22002895a 4500 |
| 001 - CONTROL NUMBER | |
| control field | 016284579 |
| 003 - CONTROL NUMBER IDENTIFIER | |
| control field | OSt |
| 005 - DATE AND TIME OF LATEST TRANSACTION | |
| control field | 20160215153621.0 |
| 008 - FIXED-LENGTH DATA ELEMENTS--GENERAL INFORMATION | |
| fixed length control field | 130213s2013 enk frb 001 0 eng d |
| 020 ## - INTERNATIONAL STANDARD BOOK NUMBER | |
| International Standard Book Number | 9781137293701 (pbk.) |
| 040 ## - CATALOGING SOURCE | |
| Original cataloging agency | StDuBDS |
| Language of cataloging | eng |
| Transcribing agency | StDuBDS |
| Modifying agency | Uk |
| -- | EG-ScBUE |
| 082 04 - DEWEY DECIMAL CLASSIFICATION NUMBER | |
| Classification number | 346.4202 |
| Edition number | 22 |
| Item number | MCK |
| 100 1# - MAIN ENTRY--PERSONAL NAME | |
| Personal name | McKendrick, Ewan. |
| 9 (RLIN) | 39358 |
| 245 10 - TITLE STATEMENT | |
| Title | Contract law / |
| Statement of responsibility, etc | Ewan McKendrick. |
| 250 ## - EDITION STATEMENT | |
| Edition statement | 10th ed. |
| 260 ## - PUBLICATION, DISTRIBUTION, ETC. (IMPRINT) | |
| Place of publication, distribution, etc | Hampshire ; |
| -- | New York : |
| Name of publisher, distributor, etc | Palgrave Macmillan, |
| Date of publication, distribution, etc | 2013. |
| 300 ## - PHYSICAL DESCRIPTION | |
| Extent | xxxiii, 390 p. ; |
| Dimensions | 25 cm. |
| 490 0# - Series Statement | |
| Series statement | Palgrave Macmillan law masters. |
| 500 ## - GENERAL NOTE | |
| General note | Previous edition: 2011. |
| 500 ## - GENERAL NOTE | |
| General note | Index : p. 387-390. |
| 504 ## - BIBLIOGRAPHY, ETC. NOTE | |
| Bibliography, etc | Bibliography : p. 379-385. |
| 650 #0 - SUBJECT ADDED ENTRY--TOPICAL TERM | |
| Topical term or geographic name as entry element | Contracts |
| Geographic subdivision | England. |
| Source of heading or term | BUEsh |
| 9 (RLIN) | 23175 |
| 650 #0 - SUBJECT ADDED ENTRY--TOPICAL TERM | |
| Topical term or geographic name as entry element | Contracts |
| Geographic subdivision | Wales. |
| Source of heading or term | BUEsh |
| 651 ## - SUBJECT ADDED ENTRY--GEOGRAPHIC NAME | |
| Source of heading or term | BUEsh |
| 653 ## - INDEX TERM--UNCONTROLLED | |
| Resource For college | Generalities |
| Arrived date list | February2016 |
| 942 ## - ADDED ENTRY ELEMENTS (KOHA) | |
| Source of classification or shelving scheme | Dewey Decimal Classification |
| Withdrawn status | Item status | Source of classification or shelving scheme | Damaged status | Not for loan | Vendor | Home library | Current library | Shelving location | Date acquired | Source of acquisition | Cost, normal purchase price | Serial Enumeration / chronology | Total Checkouts | Total Renewals | Full call number | Barcode | Date last seen | Date last borrowed | Cost, replacement price | Koha item type |
|---|---|---|---|---|---|---|---|---|---|---|---|---|---|---|---|---|---|---|---|---|
| Dewey Decimal Classification | Academic Bookshop | Central Library | Central Library | First floor | 15/02/2016 | Purchase | 364.00 | 4861 | 9 | 25 | 346.4202 MCK | 000031558 | 26/11/2025 | 26/02/2024 | 455.00 | Book - Borrowing |